Evidence : Practice & procedure
| Main Author: | |
|---|---|
| Format: | Book |
| Published: |
Petaling Jaya, Selangor :
Pelanduk Pub. ,
1994
|
| Subjects: |
MARC
| LEADER | 00000cam a2200000 7i4500 | ||
|---|---|---|---|
| 001 | 0000000604 | ||
| 005 | 20000911.0 | ||
| 020 | 0 | 0 | |a 9679785009 |
| 090 | 0 | 0 | |a MR347.59506 |b PAU 1994 |
| 100 | 1 | 0 | |a PAUL |h S. Augustine |
| 245 | 1 | 0 | |a Evidence : |b Practice & procedure |c S. Augustine Paul |
| 260 | 0 | 0 | |a Petaling Jaya, Selangor : |b Pelanduk Pub. , |c 1994 |
| 300 | |a lxv, 796 p. ; |c 24 cm. | ||
| 500 | 0 | 0 | |a Includes index |
| 650 | 0 | 0 | |a Evidence (Law) |z Malaysia |
| 999 | |a 0000001690 |b Monograph |c Reference |e Default branch | ||